Indian microwave cookbook (Record no. 213877)

MARC details
000 -LEADER
fixed length control field 00537nam a2200193Ia 4500
008 - FIXED-LENGTH DATA ELEMENTS--GENERAL INFORMATION
fixed length control field 191130s1998##################000#0#eng##
020 ## - INTERNATIONAL STANDARD BOOK NUMBER
ISBN 9788171821310
082 ## - DEWEY DECIMAL CLASSIFICATION NUMBER
Classification number 641.5 KAU
100 ## - MAIN ENTRY--AUTHOR NAME
Personal name Kaul, Tahlina
245 ## - TITLE STATEMENT
Title Indian microwave cookbook
Statement of responsibility, etc Tahlina Kaul
260 ## - PUBLICATION, DISTRIBUTION, ETC. (IMPRINT)
Place of publication New Delhi
Name of publisher Fusion Books
Year of publication [1998]
300 ## - PHYSICAL DESCRIPTION
Number of Pages 128 p. : col. ill. ; 22 cm
650 ## - SUBJECT ADDED ENTRY--TOPICAL TERM
Topical Term Cooking, Indic
Topical Term Microwave cooking
991 ## -
-- 103058
Holdings
Withdrawn status Lost status Damaged status Not for loan Home library Current library Shelving location Date acquired Full call number Accession Number Price effective from Koha item type
        Anna Centenary Library Anna Centenary Library 6TH FLOOR, A WING 13.10.2020 641.5 KAU 223429 13.10.2020 English Books
        Anna Centenary Library Anna Centenary Library   13.10.2020 641.5 KAU 223430 13.10.2020 English Books

Find us on the map